000 00717nam a22002057a 4500
010 _a459339
035 _a459339
037 _bCen Lib / Ret
040 _aDPL
_bEn
082 _a422
_bOXF
245 _aThe Oxford Dictionary of English Etymology /
_cedited by C. T. Onions
260 _aOxford
_bAt the Clarendon Press
_c1966
270 _aAt the Clarendon Press
_bOxford
300 _a1024p ;
_c24cm(Hb)
650 _aOnions, C. T. -- (Charles Talbut), -- 1873-1965.
_9141278
650 _aEnglish language -- Etymology -- Dictionaries.
_9141279
650 _aLanguage and languages -- Etymology -- Dictionaries.
_9141280
700 _aOnions, C. T.
_9141281
942 _2ddc
_cEN
_h422
_mOXF
999 _c136301
_d136301